000 01435nam a2200361Ia 4500
001 ebr10135459
003 CaPaEBR
006 m u
007 cr cn|||||||||
008 031126s2004 nyu sb 001 0 eng d
010 _z 2003068924
020 _z1403978352
020 _z1403965803
040 _aCaPaEBR
_cCaPaEBR
035 _a(OCoLC)647535008
050 1 4 _aJC257.L4
_bL375 2004eb
100 1 _aLamb, Peter,
_d1960-
245 1 0 _aHarold Laski
_h[electronic resource] :
_bproblems of democracy, the sovereign state, and international society /
_cPeter Lamb.
250 _a1st ed.
260 _aNew York :
_bPalgrave Macmillan,
_c2004.
300 _ax, 218 p.
490 1 _aPalgrave Macmillan history of international thought series
504 _aIncludes bibliographical references (p. [195]-210) and index.
533 _aElectronic reproduction.
_bPalo Alto, Calif. :
_cebrary,
_d2009.
_nAvailable via World Wide Web.
_nAccess may be limited to ebrary affiliated libraries.
600 1 0 _aLaski, Harold Joseph,
_d1893-1950.
650 0 _aDemocracy.
650 0 _aSovereignty.
650 0 _aInternational relations.
655 7 _aElectronic books.
_2local
710 2 _aebrary, Inc.
830 0 _aPalgrave Macmillan series on the history of international thought.
856 4 0 _uhttp://site.ebrary.com/lib/rucke/Doc?id=10135459
_zAn electronic book accessible through the World Wide Web; click to view
999 _c187846
_d187846